Palau Güell : Antoni Gaudí : palauguell.cat Antoni Gaudí : palauguell.cat
Descripción Física:
1 ventall de cartró ; il. col. ; 25 x 20 cm.
Idioma:
Catalán
MARC
| LEADER | 00000nrm a22000007a 4500 | ||
|---|---|---|---|
| 001 | 27279 | ||
| 003 | Arxiu | ||
| 005 | 20260324181151.0 | ||
| 008 | 230117b spa||||| |||| 00| 0 cat d | ||
| 040 | |a agdb |b cat | ||
| 245 | |a Palau Güell : |b Antoni Gaudí : palauguell.cat | ||
| 260 | |a Barcelona : |b Diputació de Barcelona ; |c [2018/19?] | ||
| 300 | |a 1 ventall de cartró ; |b il. col. ; |c 25 x 20 cm. | ||
| 500 | |a Ventall que conté detall del plafó que corona la llar de foc de la sala de Confiança i que representa Santa Isabel, reina d'Hongria, obra d'Alexandre de Riquer. | ||
| 610 | 2 | 0 | |9 17034 |a Palau Güell (Barcelona) |
| 655 | 0 | |9 52933 |a Ventalls | |
| 710 | 2 | |9 17034 |a Palau Güell (Barcelona) | |
| 710 | 1 | |a Barcelona (Catalunya : Província). |b Diputació |9 52408 | |
| 710 | 2 | |a UNESCO |9 52950 | |
| 942 | |2 udc |c ARXIU |n 1 | ||
| 952 | |0 0 |1 0 |2 udc |4 0 |6 NBM16196 |7 1 |9 65057 |a Arxiu |b Arxiu |d 2023-01-17 |l 0 |o NBM-16-196 |p 27279 |r 2023-01-17 00:00:00 |w 2023-01-17 |y ARXIU | ||
| 999 | |c 82981 |d 82981 | ||